Obálka Náhled e-knihy:
PDF Epub
Pro půjčování e-knih musíte být přihlášeni.
Jak si půjčit online?

Kámen a bolest /

Rozsáhlý fragment románu se pokouší zobrazit tvůrčí zápas a nevšední životní osudy jednoho z velikánů italské renesance, malíře a sochaře Michelangela Buonarrotiho.

Uloženo v:
Hlavní autor: Schulz, Karel, 1899-1943 (Autor)
Médium: E-kniha
Jazyk:Czech
Vydáno: V Praze : Vyšehrad, 2020
Vydání:Vydání patnácté, ve Vyšehradu páté
Témata:
Tagy:
Žádné tagy
LEADER 02879nam a2200565 i 4500
001 311128
003 CZ PrSKC
005 20260601215700.0
007 ta
008 200228s2020 xr g 000 fbcze
015 |a cnb003178531 
020 |a 9788076012189  |q (vázáno) :  |c Kč 399,00 
035 |a (OCoLC)1200248957 
040 |a ABG001  |b cze  |e rda 
043 |a e-it--- 
045 |a s7t6 
072 7 |a 821.162.3-3  |x Česká próza  |2 Konspekt 
072 7 |a 929  |x Biografie  |2 Konspekt 
080 |a 821.162.3-31  |2 MRF 
080 |a 72/76.071.1  |2 MRF 
080 |a 929  |2 MRF 
080 |a (450)  |2 MRF 
080 |a (0:82-312.6)  |2 MRF 
080 |a (0:82-311.6)  |2 MRF 
100 1 |a Schulz, Karel,  |d 1899-1943  |7 jk01111165  |4 aut 
245 1 0 |a Kámen a bolest /  |c Karel Schulz 
250 |a Vydání patnácté, ve Vyšehradu páté 
264 1 |a V Praze :  |b Vyšehrad,  |c 2020 
300 |a 613 stran ;  |c 21 cm 
336 |a text  |b txt  |2 rdacontent 
337 |a bez média  |b n  |2 rdamedia 
338 |a svazek  |b nc  |2 rdacarrier 
520 2 |a Rozsáhlý fragment románu se pokouší zobrazit tvůrčí zápas a nevšední životní osudy jednoho z velikánů italské renesance, malíře a sochaře Michelangela Buonarrotiho.  |b V chaosu dobového společenského života na přelomu 15. a 16. století, kdy církev bojovala o moc a vládu nad světem a Itálie se zmítala v krvi a násilí, musel geniální umělec tvrdě zápasit o podstatu své tvorby a těžce svou životní pravdu probojovávat, třeba za cenu hořkých osobních obětí. A právě z tohoto nesmírného úsilí, z touhy vymanit se z osidel zjitřené doby silným uměleckým činem, vyrůstá v autorově pojetí nadčasová osobnost Michelangelova, obdivovaná desítkami následujících generací. 
600 0 7 |a Michelangelo Buonarroti,  |d 1475-1564  |7 jn19992000718  |2 czenas 
648 7 |a 15.-16. století  |7 ch757034  |2 czenas 
648 4 |a 1475-1564 
650 0 7 |a výtvarní umělci  |7 ph116709  |z Itálie  |y 15.-16. století  |2 czenas 
650 0 9 |a artists  |z Italy  |y 15th-16th centuries  |2 eczenas 
655 7 |a české romány  |7 fd133974  |2 czenas 
655 7 |a biografické romány  |7 fd131905  |2 czenas 
655 7 |a historické romány  |7 fd132414  |2 czenas 
655 9 |a Czech fiction  |2 eczenas 
655 9 |a biographical novels  |2 eczenas 
655 9 |a historical novels  |2 eczenas 
900 |a ABA001  |b 19 
928 9 |a Albatros Media - Vyšehrad 
044 |a xr 
910 |a RBIT002 
998 |d 203261  |a https://core.palmknihy.cz/api/books/203261/cover?q5l0ye  |b https://core.palmknihy.cz/api/books/203261/cover/400?q5l0ye  |c https://core.palmknihy.cz/api/books/203261/cover/50?q5l0ye  |e 2050-12-31  |g 616  |i 9788076012189  |j https://core.palmknihy.cz/api/books/203261/preview.epub  |k https://core.palmknihy.cz/api/books/203261/preview.pdf  |l   |q 49  |r 1  |s https://www.palmknihy.cz/kniha/203261  |t ebook  |y 2020  |z 0 
999 |d 311126